000
00319 a2200109 4500
001
ART_15619
005
20260410161736.0
008
260409a
245
1
0
_a
El debate ideológico pendiente
100
1
_a
Floria, Carlos A.
773
0
_t
Ejecutivos de finanzas
_g
- Año 6, Nº 43 (mar. 1988)
_w
REV2863
999
_c
18266
_d
18266